| 000 | 00368nam a2200157Ia 4500 | ||
|---|---|---|---|
| 100 | _aCurtis/Howard D | ||
| 650 | _aAircraft structural analysis | ||
| 942 | _cBK | ||
| 366 | _f20 | ||
| 245 | _aFundamentals of Aircraft structural analysis | ||
| 260 |
_bMcGraw Hill _c1987 |
||
| 082 |
_a629.134 _bCUR |
||
| 300 | _a799 | ||
| 546 |
_aENGLISH _cInfo.Tech |
||
| 999 |
_c30661 _d30661 |
||